000 00286nam a2200121Ia 4500
008 220204s9999 xx 000 0 und d
082 _a582.26
_bBON
100 _aBoney, A D
245 0 _aPhytoplankton
260 _aLondon
_bEdward Arnold
_c1976
650 _aPhytoplankton
942 _cBK
999 _c27073
_d27073